Developing Linguistic Corpora: A guide to good practice
Gardado en:
| Outros autores: | |
|---|---|
| Formato: | Libro |
| Idioma: | inglés |
| Publicado: |
Oxford, United Kingdom:
Oxbox Books,
2005
|
| Series: | AHDS Literature, Languages and Linguistics
|
| Subjects: | |
| Tags: |
Engadir etiqueta
Sen Etiquetas, Sexa o primeiro en etiquetar este rexistro!
|
MARC
| LEADER | 00000nam a2200000 a 4500 | ||
|---|---|---|---|
| 001 | UCG2217 | ||
| 003 | CL-VaPUC | ||
| 005 | 20220330115038.0 | ||
| 008 | 100624e20050000UK |||||||||||||||||eng|d | ||
| 999 | |c 341446 |d 341444 | ||
| 020 | |a 1842172050 | ||
| 040 | |c Pontificia Universidad Católica de Valparaíso | ||
| 082 | 0 | 4 | |a 401 WYN 2005 |2 21 |
| 100 | 0 | |a Wynne, Martin |e editor |9 550608 | |
| 245 | 1 | 0 | |a Developing Linguistic Corpora: A guide to good practice |
| 260 | |a Oxford, United Kingdom: |b Oxbox Books, |c 2005 | ||
| 300 | |a 87 páginas | ||
| 490 | 0 | |a AHDS Literature, Languages and Linguistics | |
| 500 | |a C.3 Donación Familia profesor Giovanni Parodi S. Memo 02/2022. 25-03-2022 | ||
| 583 | |a last modification |c 20100624 00:00:00 |k Rodrigo Vera | ||
| 650 | 0 | |a Lingüística |9 265068 | |
| 650 | 0 | |a Corpus lingüístico |2 CL-VaPUC |9 483834 | |
| 942 | |c BK |2 ddc | ||
| 945 | |d 20100624 00:00:00 |a dcastane | ||
| 952 | |0 0 |1 0 |4 0 |6 401_000000000000000_WYN_2005 |7 0 |8 A |9 436953 |a FDOPOS |b FDOPOS |d 2019-11-22 |i 4691598 |o 401 WYN 2005 |p 4691598 |r 2025-01-22 |w 2019-11-22 |y BK |k DLA | ||
| 952 | |0 0 |1 0 |4 0 |6 401_000000000000000_WYN_2005 |7 0 |8 A |9 436954 |a FDOPOS |b FDOPOS |d 2019-11-22 |i 4691601 |o 401 WYN 2005 |p 4691601 |r 2025-01-22 |w 2019-11-22 |y BK |k DLA | ||
| 952 | |0 0 |1 0 |2 ddc |4 0 |6 401_000000000000000_WYN_2005 |7 0 |8 C_GPS |9 582261 |a BIBEDU |b BIBEDU |c GEN |d 2022-03-30 |e Donación |i 5650460 |o 401 WYN 2005 |p 5650460 |r 2022-03-30 |t 3 |w 2022-03-30 |y BK |k LIT | ||